| 000 | 02485nam a2200313 a 4500 | ||
|---|---|---|---|
| 008 | 190522s2017 ||||||||||||||||| || u | ||
| 020 | _a9781473660250 | ||
| 050 | _aBF 575.G7 Bra | ||
| 100 | _aBrazier, Jeff | ||
| 245 | 1 | 4 |
_aThe grief survival guide: navigating loss and all that comes with it _cBy Jeff Brazier |
| 260 |
_aLondon _bHodder & Stoughton _c2017 |
||
| 260 |
_aLondon _bHodder & Stroughton _c2017 |
||
| 300 | _aviii, 456 pages ; illustrations | ||
| 350 | _a18.24 | ||
| 650 | _aBEREAVEMENT--PSYCHOLOGICAL ASPECTS | ||
| 650 | _aLOSS (PSYCHOLOGY) | ||
| 650 | _aGRIEF | ||
| 650 | 4 | _aDEATH | |
| 995 |
_aMICHAEL CHILUFYA SATA OPEN ACCESS _e904714 _FCBU-SCHOOL OF MEDICINE LIBRARY (Ndola) _I18.24 _jBF 575.G7 Bra _M10 _UAVAILABLE _WFeb 7, 2020 _y904714 _ZMedical Library Open Access Collection |
||
| 995 |
_aMEDICAL LIBRARY OPEN ACCESS _e904218 _FCBU-SCHOOL OF MEDICINE LIBRARY (Ndola) _I18.24 _jBF 575.G7 Bra _M8 _UAVAILABLE _WJun 25, 2019 _y904218 _ZMedical Library Open Access Collection |
||
| 995 |
_aKAPASA MAKASA LIBRARY OPEN ACCESS _e749243 _FCBU-KAPASA MAKASA LIBRARY (Chinsali) _I18.24 _jBF 575.G7 Bra _M1 _UAVAILABLE _WMay 30, 2019 _y749243 _ZKapasa Makasa Library Open Acess Collection |
||
| 995 |
_aMICHAEL CHILUFYA SATA OPEN ACCESS _e904713 _FCBU-SCHOOL OF MEDICINE LIBRARY (Ndola) _I18.24 _jBF 575.G7 Bra _M9 _UAVAILABLE _WFeb 7, 2020 _y904713 _ZMedical Library Open Access Collection |
||
| 995 |
_aMAIN LIBRARY OPEN ACCESS _e749183 _FCBU-MAIN LIBRARY (Kitwe) _I18.24 _jBF 575.G7 Bra _M4 _UAVAILABLE _WJun 6, 2019 _y749183 _ZMain Library Open Access Collection |
||
| 995 |
_aMEDICAL LIBRARY OPEN ACCESS _e904217 _FCBU-SCHOOL OF MEDICINE LIBRARY (Ndola) _I18.24 _jBF 575.G7 Bra _M5 _UAVAILABLE _WJun 25, 2019 _y904217 _ZMedical Library Open Access Collection |
||
| 995 |
_aMEDICAL LIBRARY OPEN ACCESS _e904233 _FCBU-SCHOOL OF MEDICINE LIBRARY (Ndola) _I18.24 _jBF 575.G7 Bra _M6 _UAVAILABLE _WJun 25, 2019 _y904233 _ZMedical Library Open Access Collection |
||
| 995 |
_aKAPASA MAKASA LIBRARY OPEN ACCESS _e749244 _FCBU-KAPASA MAKASA LIBRARY (Chinsali) _I18.24 _jBF 575.G7 Bra _M2 _UAVAILABLE _WMay 30, 2019 _y749244 _ZKapasa Makasa Library Open Acess Collection |
||
| 995 |
_aMAIN LIBRARY OPEN ACCESS _e749182 _FCBU-MAIN LIBRARY (Kitwe) _I18.24 _jBF 575.G7 Bra _M3 _UAVAILABLE _WJun 6, 2019 _y749182 _ZMain Library Open Access Collection |
||
| 995 |
_aMEDICAL LIBRARY OPEN ACCESS _e904216 _FCBU-SCHOOL OF MEDICINE LIBRARY (Ndola) _I18.24 _jBF 575.G7 Bra _M7 _UAVAILABLE _WJun 25, 2019 _y904216 _ZMedical Library Open Access Collection |
||
| 999 |
_c63922 _d63922 |
||